Birds as monitors of environmental change

Αποθηκεύτηκε σε:
Λεπτομέρειες βιβλιογραφικής εγγραφής
Άλλοι συγγραφείς: Furness, R. W. (Επιμελητής έκδοσης), Greenwood, J. J. D. (Επιμελητής έκδοσης)
Μορφή: Βιβλίο
Γλώσσα:English
Δημοσίευση: London : Chapman and Hall, 1993
Θέματα:
Ετικέτες: Προσθήκη ετικέτας
Δεν υπάρχουν, Καταχωρήστε ετικέτα πρώτοι!

MARC

LEADER 00000pam a2200000 i 4500
001 1/96742
008 941129s1993 eng d
020 |a 0-412-40230-0 
035 |l 10010297 
040 |a GR-MY-UA  |b gre  |e aacr 
041 0 |a eng 
082 0 |a 598.17 
245 1 0 |a Birds as monitors of environmental change /  |c edited by R. W. Furness and J. J. D. Greenwood 
260 |a London :   |b Chapman and Hall,   |c 1993 
300 |a x, 356 p.;  |b ill., maps;  |c 24 cm 
504 |a Includes bibliographical references and index 
650 0 0 |a Birds  |x Ecology. 
650 0 0 |a Environmental indicators. 
650 0 0 |a Indicators (Biology) 
700 1 |a Furness, R. W.  |4 edt 
700 1 |a Greenwood, J. J. D.  |4 edt 
852 |a INST  |b LESVOS  |e 19941129  |h 598.17 BIR  |p 005100006460  |q 005100006460  |t BK  |y 0 
909 |a Λ  |b 033188